La responsabilidad civil en el nuevo Cd̤igo Tomo II

Bibliographic Details
Main Author: Zavala De Gonzl̀ez, Matilde
Format: eBook
Language:Spanish
Published: Cr̤doba: Alveroni Ediciones, 2016
Subjects:
Online Access:Acceso restringido

MARC

LEADER 00000nam a22000007a 4500
005 20190524124139.0
007 cr|||| ||||
008 190524s2016 ar |||||s|||| 00||0 spa d
020 |a 978-987-643-136-1 
035 |a 23699 
040 |a vLex 
090 |c 8803  |d 8803 
100 1 |a Zavala De Gonzl̀ez, Matilde 
245 1 2 |a La responsabilidad civil en el nuevo Cd̤igo  |h [Recurso electrn̤ico] /  |c Matilde Zavala De Gonzl̀ez  |n Tomo II 
256 |a Servicio en ln̕ea 
260 |a Cr̤doba:  |b Alveroni Ediciones,  |c 2016 
300 |a 1 recurso electrn̤ico 
506 1 |a Disponible solo en los productos indicados  |d vLex Global  |d vLex Global (Academic Edition, excluding Law Schools)  |d vLex Global (U.S. Academic Edition, Law Schools)  |d vLex Global (U.S. Academic Edition, excluding Law Schools)  |d vLex Global (Academic Edition, Law Schools) 
650 0 4 |a Cd̤igo Civil  |z Argentina 
740 0 |a vLex Libros (Servicio en ln̕ea) 
856 4 0 |u http://vlex.com/source/responsabilidad-civil-en-el-nuevo-codigo-tomo-ii-23699  |z Acceso restringido 
942 |c BOOK 
999 0 |a Civil Code